| 000 | 00765cam a2200241 i 4500 | ||
|---|---|---|---|
| 999 |
_c7117 _d7117 |
||
| 020 |
_a9789869379267 _c新臺幣300元 |
||
| 100 | 1 | _a黃佳興 | |
| 245 | 1 | 0 |
_a幸福競爭力 : _b21世紀不可或缺的能力 / _c黃佳興著 |
| 250 | _a初版 | ||
| 260 |
_a臺北市 : _b布克文化出版 : _b家庭傳媒城邦分公司發行, _c民106[2017] |
||
| 300 |
_a239面 : _b像 ; _c21公分 |
||
| 490 | 1 |
_a佳興成長營 ; _v1. |
|
| 942 |
_2ccl _cBOOK |
||